| 000 | 00522nam a22001697a 4500 | ||
|---|---|---|---|
| 999 |
_c17486 _d17486 |
||
| 003 | AR-CdUCM | ||
| 008 | 190508b ||||| |||| 00| 0 spa d | ||
| 040 |
_aMUNICIPALIDAD PROVINCIAL DEL CUSCO _cBIBLIOTECA MUNICIPAL DEL CUSCO |
||
| 082 |
_a902.9 / _bB11 |
||
| 100 |
_aBabini, Rosa D. de . _937526 |
||
| 245 | _aLos siglos de la historia / | ||
| 260 |
_aMéxico : _bFondo de cultura económica, _c1960. |
||
| 300 |
_a348 páginas ; _c18 cm. |
||
| 650 |
_aHistoria. _9136 |
||
| 942 |
_2ddc _cLIBROS |
||
| 945 |
_arum _d2019-05-08 |
||